BASIC materials studies (Record no. 81019)

MARC details
000 -LEADER
fixed length control field 00824nam a2200205 a 4500
008 - FIXED-LENGTH DATA ELEMENTS--GENERAL INFORMATION
fixed length control field 120416s1985 ||||||||||||||||| || u
020 ## - INTERNATIONAL STANDARD BOOK NUMBER
International Standard Book Number 0408013745
050 ## - LIBRARY OF CONGRESS CALL NUMBER
Classification number TA 407 Pea
100 ## - MAIN ENTRY--PERSONAL NAME
Personal name Peapell, P. N
245 10 - TITLE STATEMENT
Title BASIC materials studies
260 ## - PUBLICATION, DISTRIBUTION, ETC. (IMPRINT)
Place of publication, distribution, etc London:
Name of publisher, distributor, etc Butterworths
Date of publication, distribution, etc 1985
300 ## - PHYSICAL DESCRIPTION
Extent (x), 143p.: ill
350 ## -
-- 0.00
500 ## - GENERAL NOTE
General note Includes index. -Bibliography: p. 138.
650 ## - SUBJECT ADDED ENTRY--TOPICAL TERM
Topical term or geographic name as entry element BASIC (COMPUTER PROGRAM LANGUAGE)
650 ## - SUBJECT ADDED ENTRY--TOPICAL TERM
Topical term or geographic name as entry element MATERIALS--DATA PROCESSING
700 ## - ADDED ENTRY--PERSONAL NAME
Personal name Belk, J. A
995 ## - RECOMMENDATION 995 [LOCAL, UNIMARC FRANCE]
-- 0.00
-- CBU-MAIN LIBRARY (Kitwe)
-- 1
-- 9.50
-- 1
-- AVAILABLE
-- Annex Low-Usage Collection
995 ## - RECOMMENDATION 995 [LOCAL, UNIMARC FRANCE]
-- 0.00
-- CBU-MAIN LIBRARY (Kitwe)
-- 2
-- 9.50
-- 2
-- AVAILABLE
-- Annex Low-Usage Collection
Holdings
Withdrawn status Lost status Source of classification or shelving scheme Damaged status Not for loan Permanent Location Current Location Shelving location Date acquired Total Checkouts Full call number Barcode Date last seen Copy number Price effective from Koha item type
          CBU-MAIN LIBRARY, KITWE. CBU-MAIN LIBRARY, KITWE.   07/14/2023   TA 407 Pea 014838 07/14/2023 1 07/14/2023 MONOGRAPH
          CBU-MAIN LIBRARY, KITWE. CBU-MAIN LIBRARY, KITWE.   07/14/2023   TA 407 Pea 014839 07/14/2023 2 07/14/2023 MONOGRAPH